[Event "Montreal Ligue elite du dimanche"]
[Site "Montreal"]
[Date "2007.09.16"]
[Round "2"]
[White "Deer, Dennis"]
[Black "Charbonneau, Olivier"]
[Result "1-0"]
[WhiteElo "1321"]
[BlackElo "1276"]
[PlyCount "109"]
[EventDate "2007.09.09"]
[EventType "swiss"]
[EventRounds "5"]
[EventCountry "CAN"]
[SourceTitle "EXT 2022"]
[Source "ChessBase"]
[SourceDate "2021.10.06"]
[SourceVersion "1"]
[SourceVersionDate "2021.10.06"]
[SourceQuality "1"]

1. d4 d5 2. c4 c6 3. Nf3 Nf6 4. Nc3 e6 5. e3 Bd6 6. Bd3 0-0 7. 0-0 Nbd7 8. cxd5 exd5 9. Qc2 Re8 10. Bd2 Nf8 11. Rab1 a6 12. b4 Bg4 13. Be2 b5 14. Rfc1 Qe7 15. a3 Rec8 16. Be1 Qc7 17. h3 Bd7 18. Nd2 Ne6 19. Nb3 Re8 20. Nd1 Rac8 21. Nb2 Rf8 22. Nd3 Be8 23. Ndc5 Nxc5 24. Nxc5 Qa7 25. Rb3 Nd7 26. Bg4 f6 27. Rc3 Bg6 28. Bf5 Bxf5 29. Qxf5 Nxc5 30. dxc5 Be7 31. Rd3 Rfd8 32. Bc3 Qc7 33. Rd4 Qd7 34. Qxd7 Rxd7 35. e4 Rcd8 36. Rcd1 Kf8 37. exd5 Rxd5 38. Rxd5 Rxd5 39. Rxd5 cxd5 40. Kf1 Kf7 41. Ke2 Bd8 42. Ke3 Ke6 43. Kd4 f5 44. f4 g6 45. Kd3 Bc7 46. g3 Bb8 47. Kd4 Bc7 48. Bd2 Bb8 49. Be3 Bc7 50. Kd3 Bb8 51. Bd4 Bc7 52. Bg7 Bb8 53. Kd4 Bc7 54. Be5 Kd7 55. Kxd5 1-0